000 01268nam a22001577a 4500
999 _c514176
_d514176
008 201012b ||||| |||| 00| 0 eng d
100 _aPapay, John P. et al
_918562
245 _aLearning job skills from colleagues at work: evidence from a field experiment using teacher performance data
260 _aAmerican Economic Journal: Economic Policy
300 _a12(1), Feb, 2020: p. 359-388
520 _aWe study a program designed to encourage learning from coworkers among school teachers. In an experiment, we document gains in job performance when high- and low-skilled teachers are paired and asked to work together on improving their skills. Pairs are matched on specific skills measured in prior evaluations. Each pair includes a target teacher who scores low in one or more of 19 skills and a partner who scores high in (many of) the target's deficient skills. Student achievement improved 0.12 standard deviations in low-skilled teachers' classrooms. Improvements are likely the result of target teachers learning skills from their partner. - Reproduced
650 _aHuman capital, Skills, Occupational choice, Labor productivity, Personnel economics
_918563
773 _aAmerican Economic Journal: Economic Policy
906 _aTRAINING
942 _cAR